000 00336nam a2200133Ia 4500
008 240624s9999 xx 000 0 und d
041 _aeng
082 _a828 LOM
100 _aSUMMERALL PAT
245 _aGIANTS WHAT I LEARNED ABOUT LIFE FROM VI
260 _c2010
_aNew Jersey
_bWiley
300 _aix, 240 p.; 23 cm.
365 _c
_b38
999 _c29059
_d29059